000 00407nam a2200169Ia 4500
008 090711s9999 xx 000 0 und d
082 _b39167
100 _aवाड विजया
245 _aअशरण
260 _c1978
300 _a162
600 _aवाड विजया
630 _aअशरण
700 _aवाड विजया
730 _aअशरण
942 _cBOOK
999 _c292742
_d292742